Memoria leída ante la Junta de Gobierno de la Real Academia de Jurisprudencia el día 30 de noviembre de 1918 / (Record no. 171737)

MARC details
000 -LEADER
campo de control de longitud fija 00703nam a22001695i 4500
001 - NÚMERO DE CONTROL
campo de control 171737
003 - IDENTIFICADOR DE NÚMERO DE CONTROL
campo de control ES-MaACL
005 - FECHA Y HORA DE LA ÚLTIMA TRANSACCIÓN
campo de control 20260127062553.0
008 - DATOS DE LONGITUD FIJA--INFORMACIÓN GENERAL
campo de control de longitud fija 090527s1919 sp |||| | spa d
100 1# - ENTRADA PRINCIPAL--NOMBRE DE PERSONA
Nombre de persona Soler y Pérez, Francisco,
Fechas asociadas al nombre 1887-1922
9 (RLIN) 107201
245 10 - MENCIÓN DEL TÍTULO
Título Memoria leída ante la Junta de Gobierno de la Real Academia de Jurisprudencia el día 30 de noviembre de 1918 /
Mención de responsabilidad, etc. por el bibliotecario Francisco Soler y Pérez.
260 ## - PUBLICACIÓN, DISTRIBUCIÓN, ETC.
Lugar de publicación, distribución, etc. Madrid,
Fecha de publicación, distribución, etc. 1919.
610 2# - PUNTO DE ACCESO ADICIONAL DE MATERIA--NOMBRE DE ENTIDAD CORPORATIVA
Nombre de entidad corporativa o nombre de jurisdicción como elemento de entrada Real Academia de Jurisprudencia y Legislación de España-
Subdivisión de forma Memorias.
9 (RLIN) 150092
700 ## - ENTRADA AGREGADA--NOMBRE PERSONAL
Nombre de persona Real Academia de Jurisprudencia y Legislación de España
9 (RLIN) 217612
852 ## - LOCALIZACIÓN
Ubicación ES-MaACL
Número de control de estantería 1571-F-13
Holdings
Estatus retirado Estado de pérdida Estado de daño No para préstamo Colección Biblioteca de origen Biblioteca actual Ubicación en estantería Fecha de adquisición Fuente de adquisición Total de préstamos Signatura topográfica completa Código de barras Visto por última vez Precio de reemplazo Tipo de ítem Koha
        Colección de folletos Biblioteca del Ateneo de Madrid Biblioteca del Ateneo de Madrid Depósito folletos 27/05/2009     1571-F-13 1180223 23/02/2023 23/02/2023 Folleto